Music Quiz

Random Music or Billboard Quiz

Top 'Airplay Only' '90s Songs Quiz Stats

Quiz Updated Jan 12, 2016

Challenge
Share
Tweet
Embed
Score 0/200 Timer 15:00
0 Plays Today
Rank - Year Artist % Correct
2 - '97No Doubt
90.1%
27 - '96No Doubt
90.1%
18 - '95Green Day
87.9%
20 - '98Green Day
87.9%
47 - '94Green Day
87.9%
88 - '95Green Day
87.9%
92 - '96Green Day
87.9%
107 - '94Green Day
87.9%
122 - '95Green Day
87.9%
132 - '95Green Day
87.9%
1 - '98Goo Goo Dolls
86.2%
166 - '96Goo Goo Dolls
86.2%
15 - '97Will Smith
79.6%
7 - '96Alanis Morissette
79.3%
24 - '98Alanis Morissette
79.3%
30 - '95Alanis Morissette
79.3%
36 - '95Alanis Morissette
79.3%
37 - '98Alanis Morissette
79.3%
16 - '94Counting Crows
75.4%
26 - '97Counting Crows
75.4%
77 - '94Counting Crows
75.4%
142 - '94Counting Crows
75.4%
183 - '96Counting Crows
75.4%
54 - '95Weezer
74.2%
186 - '95Weezer
74.2%
42 - '96Oasis
73.6%
117 - '95Oasis
73.6%
130 - '97Oasis
73.6%
191 - '97Oasis
73.6%
74 - '94Nirvana
72.5%
134 - '94Nirvana
72.5%
152 - '95Nirvana
72.5%
12 - '96Fugees
71.2%
124 - '96Fugees
71.1%
3 - '98Natalie Imbruglia
70.4%
75 - '98Natalie Imbruglia
70.4%
43 - '96Mariah Carey
70.1%
68 - '97Mariah Carey
70.1%
155 - '94Mariah Carey
70.1%
50 - '94The Cranberries
67.8%
85 - '96The Cranberries
67.8%
139 - '95The Cranberries
67.8%
25 - '95Pearl Jam
65.7%
66 - '94Pearl Jam
65.7%
176 - '95Pearl Jam
65.7%
21 - '97Dave Matthews Band
63.6%
57 - '95Dave Matthews Band
63.6%
61 - '95Dave Matthews Band
63.6%
151 - '96Dave Matthews Band
63.6%
165 - '98Dave Matthews Band
63.5%
185 - '96Dave Matthews Band
63.5%
189 - '98Dave Matthews Band
63.5%
60 - '94Soundgarden
63.4%
126 - '96Soundgarden
63.4%
135 - '96Soundgarden
63.4%
195 - '95Soundgarden
63.4%
200 - '96Soundgarden
63.4%
8 - '98Smash Mouth
62.4%
93 - '98Smash Mouth
62.4%
9 - '98matchbox twenty
61.8%
14 - '97matchbox twenty
61.8%
167 - '95Adam Sandler
59.5%
178 - '97Adam Sandler
59.5%
44 - '96Foo Fighters
58.9%
125 - '97Foo Fighters
58.8%
140 - '95Foo Fighters
58.8%
197 - '95Foo Fighters
58.8%
Rank - Year Artist % Correct
10 - '98Backstreet Boys
58.8%
33 - '98Backstreet Boys
58.8%
6 - '97The Wallflowers
58.6%
64 - '97The Wallflowers
58.6%
89 - '96The Wallflowers
58.6%
111 - '98The Wallflowers
58.6%
179 - '94Stone Temple Pilots
57.6%
40 - '94Stone Temple Pilots
57.1%
86 - '93Stone Temple Pilots
57.1%
96 - '96Stone Temple Pilots
57.1%
100 - '96Stone Temple Pilots
57.1%
127 - '94Stone Temple Pilots
57.1%
193 - '96Stone Temple Pilots
57.1%
4 - '97Sugar Ray
56.3%
28 - '95Live
55%
78 - '95Live
55%
105 - '95Live
55%
121 - '97Live
55%
157 - '97Live
55%
80 - '95Red Hot Chili Peppers
53.8%
145 - '97Red Hot Chili Peppers
53.8%
168 - '96Red Hot Chili Peppers
53.8%
173 - '95Red Hot Chili Peppers
53.8%
69 - '96Sublime
53.7%
123 - '97Sublime
53.7%
150 - '97Sublime
53.7%
22 - '98Semisonic
53.4%
109 - '94The Offspring
49.8%
113 - '94The Offspring
49.8%
187 - '97The Offspring
49.8%
5 - '97Cardigans
49.7%
35 - '98Sheryl Crow
47.8%
59 - '97Sheryl Crow
47.8%
101 - '94The Smashing Pumpkins
47.2%
149 - '94The Smashing Pumpkins
47.2%
184 - '96The Smashing Pumpkins
47.2%
188 - '97The Smashing Pumpkins
47.2%
58 - '95The Presidents Of The United States of America
46.2%
87 - '96Bush
42.1%
137 - '95Bush
42.1%
148 - '97Bush
42.1%
170 - '95Bush
42.1%
62 - '96Everclear
41.1%
76 - '98Everclear
41.1%
128 - '97Everclear
41.1%
17 - '98Fastball
40.7%
41 - '97The Mighty Mighty Bosstones
37.2%
120 - '96Cake
36.7%
53 - '98Ben Folds Five
36.6%
192 - '95PJ Harvey
36.2%
49 - '93Janet Jackson
35.6%
55 - '91Janet Jackson
35.6%
71 - '98Janet Jackson
35.6%
160 - '97Janet Jackson
35.6%
99 - '98Harvey Danger
34.1%
83 - '91The Simpsons
33.9%
143 - '93Bobby Brown & Whitney Houston
33.4%
11 - '97OMC
32.5%
95 - '94Whitney Houston
32.1%
136 - '97Fleetwood Mac
32%
131 - '98Cherry Poppin' Daddies
29.3%
94 - '97311
27.9%
103 - '96311
27.9%
129 - '93Rod Stewart
27.5%
13 - '97Tonic
27.2%
169 - '94U2
27.1%
23 - '96Hootie & the Blowfish
25.8%
Rank - Year Artist % Correct
73 - '98Hootie & the Blowfish
25.8%
29 - '94Gin Blossoms
25.5%
67 - '94Gin Blossoms
25.5%
38 - '98Celine Dion
24.5%
174 - '94Alice In Chains
23.6%
115 - '95Toadies
23.4%
72 - '96Butthole Surfers
23.4%
48 - '98Eric Clapton
23.2%
81 - '96Olivia Newton-John & John Travolta
23.2%
91 - '97Garbage
20.8%
84 - '98Lauryn Hill
20.7%
177 - '98Bryan Adams
20.6%
82 - '95Silverchair
16.4%
175 - '97Silverchair
16.4%
102 - '96Blues Traveler
16.3%
133 - '96Eels
16%
199 - '95Collective Soul
15.7%
97 - '97Busta Rhymes
15.6%
146 - '96Prince
15.6%
180 - '95Rancid
14.5%
154 - '98Brandy featurng Mase
13.3%
39 - '96Primitive Radio Gods
13.3%
182 - '94Garth Brooks
13%
70 - '97Aaliyah
12.2%
34 - '95Selena
12.1%
119 - '95Sponge
12.1%
110 - '97INXS
11.7%
45 - '98Natalie Merchant
11.5%
46 - '95Eagles
11.3%
106 - '96Tracy Bonham
11.2%
181 - '94Toni Braxton
10.5%
65 - '95Toad The Wet Sprocket
10.5%
51 - '92Michael Bolton
10.2%
144 - '94Michael Bolton
10.1%
114 - '97Hanson
10.1%
198 - '98Aqua
10.1%
171 - '96Local H
9.9%
56 - '97Bob Carlisle
9.9%
19 - '98Brian McKnight
9.7%
172 - '96Goldfinger
9%
112 - '98Paula Cole
8.2%
32 - '97BLACKstreet
8.1%
162 - '96Porno For Pyros
7.8%
158 - '95Better Than Ezra
7.8%
31 - '96Dog's Eye View
7.7%
52 - '97Amy Grant
7.4%
196 - '92Erasure
6.8%
163 - '97Mary J. Blige
6.6%
138 - '96Bone Thugs-N-Harmony
6.1%
194 - '95Melissa Etheridge
5.9%
104 - '98Timbaland & Magoo
5.9%
90 - '97Babyface
5.5%
190 - '98Erick Sermon, Keith Murray & Redman
5.3%
116 - '93Huey Lewis & The News
5.2%
63 - '98Vonda Shepard
5.1%
118 - '98Robyn
5.1%
159 - '96The Nixons
5%
147 - '93Don Henley
4.9%
108 - '91Bell Biv DeVoe
4%
153 - '97Indigo Girls
3.9%
79 - '97Tony! Toni! Toné!
3.4%
164 - '97The Sundays
3.3%
98 - '98Sparkle
3%
161 - '94Tevin Campbell
2.7%
156 - '97Foxy Brown
2.6%
141 - '96La Bouche
2.5%

You're not logged in!

Compare scores with friends on all Sporcle quizzes.
Sign Up with Email
OR
Log In

You Might Also Like...

Show Comments

Extras

Top Quizzes Today


Score Distribution

Your Account Isn't Verified!

In order to create a playlist on Sporcle, you need to verify the email address you used during registration. Go to your Sporcle Settings to finish the process.